Analýza devízových kurzov a úrokových mier
Prehľad základných teórií devízového kurzu. Analýza vzájomneho vzťahu kurzu SKK/EUR voči úrokovej sadzbe prezentovanej BRIBORom v období od júna 2000 až do konca júna 2002.
Salvato in:
| Autore principale: | |
|---|---|
| Altri autori: | |
| Natura: | Capitolo di libro |
| Lingua: | slovacco |
| Soggetti: | |
| Tags: |
Nessun Tag, puoi essere il primo ad aggiungerne!!
|
MARC
| LEADER | 00000nla$a2200000$$$4500 | ||
|---|---|---|---|
| 001 | 0055570 | ||
| 005 | 20240502071632.2 | ||
| 041 | 0 | |a slo | |
| 044 | |a SK | ||
| 245 | 1 | 0 | |a Analýza devízových kurzov a úrokových mier |c Radoslav Holzmann, Mária Klimiková |
| 520 | |a Prehľad základných teórií devízového kurzu. Analýza vzájomneho vzťahu kurzu SKK/EUR voči úrokovej sadzbe prezentovanej BRIBORom v období od júna 2000 až do konca júna 2002. | ||
| 610 | 2 | 0 | |a kurz devízový |
| 610 | 2 | 0 | |a miera úroková |
| 610 | 2 | 0 | |a trh devízový |
| 610 | 2 | 0 | |a teórie úrokové |
| 610 | 2 | 0 | |a teória peňažná |
| 610 | 2 | 0 | |a bilancia platobná |
| 610 | 2 | 0 | |a pohyb kapitálu |
| 100 | 1 | |a Holzmann, Radoslav | |
| 700 | 1 | |a Klimiková, Mária | |